Malan on bills of exchange, cheques and promissory notes in South African law / (Record no. 8922)
[ view plain ]
| 000 -LEADER | |
|---|---|
| fixed length control field | 01307cam a22003494a 4500 |
| 001 - CONTROL NUMBER | |
| control field | 15965539 |
| 003 - CONTROL NUMBER IDENTIFIER | |
| control field | GZU |
| 005 - DATE AND TIME OF LATEST TRANSACTION | |
| control field | 20210526145134.0 |
| 008 - FIXED-LENGTH DATA ELEMENTS--GENERAL INFORMATION | |
| fixed length control field | 091029s2009 sa b 001 0 eng d |
| 010 ## - LIBRARY OF CONGRESS CONTROL NUMBER | |
| LC control number | 2009520065 |
| 020 ## - INTERNATIONAL STANDARD BOOK NUMBER | |
| International Standard Book Number | 9780409033656 |
| 020 ## - INTERNATIONAL STANDARD BOOK NUMBER | |
| International Standard Book Number | 0409033650 |
| 040 ## - CATALOGING SOURCE | |
| Original cataloging agency | ZA-JbU |
| Transcribing agency | ZA-JbU |
| Modifying agency | DLC |
| 042 ## - AUTHENTICATION CODE | |
| Authentication code | lccopycat |
| 043 ## - GEOGRAPHIC AREA CODE | |
| Geographic area code | f-sa--- |
| 050 00 - LIBRARY OF CONGRESS CALL NUMBER | |
| Classification number | KTL937 |
| Item number | .M35 2009 |
| 100 1# - MAIN ENTRY--PERSONAL NAME | |
| Personal name | Malan, F. R. |
| Fuller form of name | (Francois Retief) |
| 245 10 - TITLE STATEMENT | |
| Title | Malan on bills of exchange, cheques and promissory notes in South African law / |
| Statement of responsibility, etc. | by F.R. Malan, J.T. Pretorius and S.F. Du Toit. |
| 246 30 - VARYING FORM OF TITLE | |
| Title proper/short title | Bills of exchange, cheques and promissory notes in South African law |
| 250 ## - EDITION STATEMENT | |
| Edition statement | 5th ed. |
| 260 ## - PUBLICATION, DISTRIBUTION, ETC. | |
| Place of publication, distribution, etc. | Durban : |
| Name of publisher, distributor, etc. | LexisNexis, |
| Date of publication, distribution, etc. | 2009. |
| 300 ## - PHYSICAL DESCRIPTION | |
| Extent | xiii, 542 p. ; |
| Dimensions | 24 cm. |
| 504 ## - BIBLIOGRAPHY, ETC. NOTE | |
| Bibliography, etc. note | Includes bibliographical references (p. 459-485) and index. |
| 650 #0 - SUBJECT ADDED ENTRY--TOPICAL TERM | |
| Topical term or geographic name entry element | Bills of exchange |
| Geographic subdivision | South Africa. |
| 650 #0 - SUBJECT ADDED ENTRY--TOPICAL TERM | |
| Topical term or geographic name entry element | Checks |
| Geographic subdivision | South Africa. |
| 650 #0 - SUBJECT ADDED ENTRY--TOPICAL TERM | |
| Topical term or geographic name entry element | Promissory notes |
| Geographic subdivision | South Africa. |
| 700 1# - ADDED ENTRY--PERSONAL NAME | |
| Personal name | Pretorius, J. T. |
| 700 1# - ADDED ENTRY--PERSONAL NAME | |
| Personal name | Du Toit, S. F. |
| Fuller form of name | (Sarel F.) |
| 906 ## - LOCAL DATA ELEMENT F, LDF (RLIN) | |
| a | 7 |
| b | cbc |
| c | copycat |
| d | 2 |
| e | ncip |
| f | 20 |
| g | y-gencatlg |
| 942 ## - ADDED ENTRY ELEMENTS (KOHA) | |
| Source of classification or shelving scheme | Library of Congress Classification |
| Koha item type | Books |
| Edition | 5th |
| Classification part | 937 |
| Item part | MAL |
| Call number prefix | KTL |
| Call number suffix | 2009 |
| Withdrawn status | Lost status | Damaged status | Not for loan | Collection code | Home library | Current library | Shelving location | Date acquired | Total Checkouts | Full call number | Barcode | Date last seen | Copy number | Price effective from | Koha item type |
|---|---|---|---|---|---|---|---|---|---|---|---|---|---|---|---|
| Non-fiction | Law Library | Law Library | General Stacks | 05/26/2021 | KTL937 MAL 2009 | 003755 | 05/26/2021 | c.1 | 05/26/2021 | Books | |||||
| Non-fiction | Law Library | Law Library | General Stacks | 05/26/2021 | KTL937 MAR 2009 | 004578 | 05/26/2021 | c.2 | 05/26/2021 | Books |